| 000 | 00491cam a22001337a 4500 | ||
|---|---|---|---|
| 008 | 180718b2010 xxu||||| |||| 00| 0 eng d | ||
| 082 | _aAPPPA 2009-10/KUM | ||
| 100 | _aSmita Kumar | ||
| 245 |
_aA critical study of the process of appointment in Central Civil Services _cby Smita Kumar |
||
| 260 |
_aNew Delhi _bIndian Institute of Public Administration _c2010 |
||
| 300 | _a106p. | ||
| 500 | _aAn APPPA M.Phil dissertion, 2009-10 (Guide: Dr. Lokendra Malik) | ||
| 650 | _aCivil Services -India | ||
| 999 |
_c501952 _d501952 |
||